Ständige Mitgliedsstaaten im Sicherheitsrat der UNO - Statistiken

Allgemein
  • Dieses Quiz wurde 131 mal gespielt
  • Das Durchschnittsergebnis liegt bei 5 aus 5
Antwortstatistiken
Land % Korrekt
Vereinigte Staaten
98%
Frankreich
97%
Russland
96%
Vereinigtes Königreich
96%
China
92%
Keine übereinstimmenden Quizze gefunden
Verteilung der Resultate
Anzahl Personen mit jedem Resultat
Perzentil nach korrekt beantworteten Fragen
Ihre Resultats-Entwicklung
Sie haben dieses Quiz noch nicht gespielt